00298nam a2200121Ia 4500008004100000100001800041245003200059260003400091300000900125650001800134942000700152999001700159190216s9999||||xx |||||||||||||| ||und|| aFrank Chaplen 0aWitness For The Prosecution bOxford University Pressc1978 a109p aEnglish Drama cBK c12496d12496